000 00568nam a2200217Ia 4500
003 OSt
005 20221005130137.0
006 a|||||r|||| 00| 0
007 ta
008 221004b |||||||| |||| 00| 0 hin d
024 _a47405
037 _cTextual
040 _aCRL
_cCRL
_bhin
041 _2hin
_ahin
082 _aO152,3M93w,1, 31L4
100 _aPaliya
_9637652
245 0 _aRahul sankritiyan swaynes aritai
650 _aHINDI LITERATURE
_923866
942 _hO152,3M93w,1, 31L4
_cTEXL
_2cc
999 _c1056224
_d1056224